000 00846cam a2200277 a 4500
001 693870
003 JO-AjAnu
005 20231202131403.0
008 961126s1997 maua b 001 0 eng
010 _a 96076918
020 _a0395791162
040 _aDLC
_cDLC
_dJO-AjAnu
050 0 0 _aHF5667
_b.K497 1997
082 0 0 _a657/.45
_221
100 1 _aKiger, Jack E.
_eAuthor
245 1 0 _aAuditing /
_cJack E. Kiger, James H. Scheiner.
250 _a2nd ed.
260 _aBoston :
_bHoughton Mifflin,
_cc1997.
300 _axxv, 918 p. :
_bill. ;
_c27 cm.
504 _aIncludes bibliographical references and indexes.
650 0 _aAuditing.
700 1 _aScheiner, James H.
_ejoint author
906 _a7
_bcbc
_corignew
_d2
_eopcn
_f19
_gy-gencatlg
942 _2lcc
_cBK
_n0
999 _c33229
_d33229